Повышение эффективности работы установки каталитической изомеризации пентан-гексановой фракции с использованием комплексной математической модели "HYSYS-IZOMER"; Проблемы геологии и освоения недр; Т. 2
| Parent link: | Проблемы геологии и освоения недр: труды XVIII Международного симпозиума имени академика М. А. Усова студентов и молодых ученых, Томск, 7-11 апреля 2014 г./ Национальный исследовательский Томский политехнический университет (ТПУ), Институт природных ресурсов (ИПР) ; Общество инженеров-нефтяников, международная некоммерческая организация, Студенческий чаптер ; под ред. А. Ю. Дмитриева.— , 2014 Т. 2.— [С. 241-243] |
|---|---|
| Glavni avtor: | |
| Korporativna značnica: | |
| Drugi avtorji: | |
| Izvleček: | Заглавие с экрана |
| Jezik: | ruščina |
| Izdano: |
|
| Serija: | Современные технологии подготовки освоения и переработки минерального и углеводородного сырья Моделирование процессов переработки углеводородного сырья |
| Teme: | |
| Online dostop: | http://earchive.tpu.ru/handle/11683/65594 http://www.lib.tpu.ru/fulltext/c/2014/C11/V2/107.pdf |
| Format: | Elektronski Book Chapter |
| KOHA link: | https://koha.lib.tpu.ru/cgi-bin/koha/opac-detail.pl?biblionumber=608523 |
MARC
| LEADER | 00000naa2a2200000 4500 | ||
|---|---|---|---|
| 001 | 608523 | ||
| 005 | 20260324085353.0 | ||
| 035 | |a (RuTPU)RU\TPU\conf\5954 | ||
| 035 | |a RU\TPU\conf\5953 | ||
| 090 | |a 608523 | ||
| 100 | |a 20141002d2014 k y0rusy50 ca | ||
| 101 | 0 | |a rus | |
| 102 | |a RU | ||
| 135 | |a drgn ---uucaa | ||
| 181 | 0 | |a i | |
| 182 | 0 | |a b | |
| 200 | 1 | |a Повышение эффективности работы установки каталитической изомеризации пентан-гексановой фракции с использованием комплексной математической модели "HYSYS-IZOMER" |f В. А. Чузлов |g науч. рук. Н. В. Чеканцев | |
| 203 | |a Текст |c электронный | ||
| 225 | 1 | |a Современные технологии подготовки освоения и переработки минерального и углеводородного сырья | |
| 225 | 1 | |a Моделирование процессов переработки углеводородного сырья | |
| 300 | |a Заглавие с экрана | ||
| 320 | |a [Библиогр.: с. 243 (2 назв.)] | ||
| 337 | |a Adobe Reader | ||
| 461 | 1 | |0 (RuTPU)RU\TPU\conf\5590 |t Проблемы геологии и освоения недр |o труды XVIII Международного симпозиума имени академика М. А. Усова студентов и молодых ученых, Томск, 7-11 апреля 2014 г. |o в 2 т. |f Национальный исследовательский Томский политехнический университет (ТПУ), Институт природных ресурсов (ИПР) ; Общество инженеров-нефтяников, международная некоммерческая организация, Студенческий чаптер ; под ред. А. Ю. Дмитриева |d 2014 | |
| 463 | 1 | |0 (RuTPU)RU\TPU\conf\5595 |t Т. 2 |v [С. 241-243] | |
| 610 | 1 | |a труды учёных ТПУ | |
| 610 | 1 | |a электронный ресурс | |
| 610 | 1 | |a эффективность | |
| 610 | 1 | |a установки | |
| 610 | 1 | |a каталитическая изомеризация | |
| 610 | 1 | |a пентан-гексановая фракция | |
| 610 | 1 | |a математические модели | |
| 610 | 1 | |a изомеризация | |
| 700 | 1 | |a Чузлов |b В. А. |c химик |c доцент Томского политехнического университета, кандидат технических наук |f 1991- |g Вячеслав Алексеевич |3 (RuTPU)RU\TPU\pers\33874 |9 17463 | |
| 702 | 1 | |a Чеканцев |b Н. В. |c химик-технолог |c доцент Томского политехнического университета, инженер, кандидат технических наук |f 1985- |g Никита Витальевич |4 727 | |
| 712 | 0 | 2 | |a Национальный исследовательский Томский политехнический университет (ТПУ) |b Институт природных ресурсов (ИПР) |b Кафедра химической технологии топлива и химической кибернетики (ХТТ) |3 (RuTPU)RU\TPU\col\18665 |
| 801 | 2 | |a RU |b 63413507 |c 20210916 |g RCR | |
| 856 | 4 | |u http://earchive.tpu.ru/handle/11683/65594 | |
| 856 | 4 | |u http://www.lib.tpu.ru/fulltext/c/2014/C11/V2/107.pdf | |
| 942 | |c BK | ||